MAMAMOO Discography - Statistics

General Stats
  • This quiz has been taken 49 times
  • The average score is 47 of 109
Answer Stats
Answer % Correct
Destiny
91%
Dingga
91%
gogobebe
91%
Hello
91%
HELLO
91%
HIP
91%
Piano Man
91%
Starry Night
91%
AYA
82%
SELFISH
82%
Travel
82%
Decalcomanie
73%
Egotistic
73%
Memory
73%
Um Oh Ah Yeh
73%
Where Are We Now
73%
Yes I Am
73%
Be Calm
64%
Mumumumuch
64%
Wind Flower
64%
25
55%
AzeGag
55%
Destiny Part.2
55%
Gentleman
55%
Gleam
55%
Heeheehaheho
55%
ILLELLA
55%
Love
55%
Mr. Ambiguous
55%
Paint Me
55%
Pride of 1cm (Taller Than You)
55%
Words Don't Come Easy
55%
You're the Best
55%
ZzZz
55%
4x4ever
45%
AHH OOP!
45%
Cat Fight
45%
Chuck
45%
Diamond
45%
Funky Boy
45%
Girl Crush
45%
Good Night
45%
Hello Mama
45%
I do me
45%
I Love Too
45%
I Miss You
45%
I miss You
45%
New York
45%
Rude Boy
45%
Sleep In The Car
45%
woo hoo
45%
1,2,3 Eoi!
36%
Angel
36%
Another Day
36%
Bad Bye
36%
DAB DAB
36%
Don't Be Happy
36%
I'm Your Fan
36%
Just
36%
Midnight Summer Dream
36%
Moderato
36%
No more drama
36%
Peppermint Chocolate
36%
Rainy Season
36%
rEALITY
36%
Recipe
36%
Self Camera
36%
Sky! Sky!
36%
Sleep Talk
36%
Star Wind Flower Sun
36%
WANNA BE MYSELF
36%
4season (Outro)
27%
A Memory for Life
27%
Baton Touch
27%
Better
27%
Better than I thought
27%
Emotion
27%
Finally
27%
Freakin Shoes
27%
Friday Night
27%
From Winter to Spring (Intro)
27%
High Tension
27%
Just Believe in Love
27%
L.I.E.C
27%
Love & Hate
27%
Morning
27%
My Hometown
27%
My Star
27%
No no no
27%
Spring Fever
27%
Ten Nights
27%
Universe
27%
Waggy
27%
Where R U
27%
Da Ra Da
18%
Happier than Ever
18%
MAMAMOO - Intro
18%
Nada Sousou
18%
Shampoo
18%
Strange Day
18%
You Don't Know Me
18%
A little bit
9%
Double Trouble Couple
9%
MMM Simile
9%
WOW
9%
My Everything
0%
Open Your Heart
0%
You In My Dream
0%
No matching quizzes found
Score Distribution
Percent of People with Each Score
Percentile by Number Answered
Your Score History
You have not taken this quiz